La parcela

I tiakina i:
Ngā taipitopito rārangi puna kōrero
Kaituhi matua: López Portillo y Rojas, José (autor)
Hōputu: Pukapuka
Reo:Pāniora
I whakaputaina: Ciudad de México Porrua 1961
Rangatū:Colección de Escritores Mexicanos
Ngā marau:
Ngā Tūtohu: Tāpirihia he Tūtohu
Kāore He Tūtohu, Me noho koe te mea tuatahi ki te tūtohu i tēnei pūkete!

MARC

LEADER 00000nam a2200000 a 4500
001 UCT6615
003 CL-VaPUC
008 970113e19610000MX |||||||||||||||||spa|d
082 0 4 |a Me863  |b LOP  |2 21 
100 |a López Portillo y Rojas, José  |e autor  |9 373368 
245 1 3 |a La parcela 
300 |a 400 p 
942 |c BK 
945 |d 19970113 00:00:00  |a rleighto 
260 |a Ciudad de México  |b Porrua  |c 1961 
650 0 |a Novelas mexicanas  |9 317570 
583 |a last modification  |c 19970113 00:00:00  |k Rodrigo Vera 
490 0 |a Colección de Escritores Mexicanos 
999 |c 255301  |d 255299 
952 |0 0  |1 0  |4 0  |6 ME_863_000000000000000_LOP_1961  |7 0  |8 A  |9 277502  |a BIBEDU  |b BIBEDU  |d 2019-11-19  |i 3268624  |o Me863 LOP 1961  |p 3268624  |r 2019-11-19  |w 2019-11-19  |y BK  |k LIT